000 00550cam a22001337a 4500
008 180718b-- xxu||||| |||| 00| 0 eng d
082 _aR6:Z71x54 In2
245 _aReport on survey of labour conditions in agricultural implements factories in India
_cby Labour Bureau, Ministry of Labour and Employment
260 _aDelhi
_bThe Controller of Publications
_c--
500 _aLibrary has 1964
650 _aWork environment - India
650 _aAgricultural implement industry - India
700 _aIndia. Ministry of Labour and Employment. Labour Bureau
999 _c486794
_d486794